000 00733nam a2200229Ia 4500
003 GCL
008 140319s9999 xx 000 0 ara d
040 _aGCL /
_cGCL
082 0 4 _a184
_bح ف
100 1 _aحسين حرب
245 1 0 _aالفكر اليونانى :
_bافلاطون /
_cحسين حرب
250 _aالاولى
260 _aبيروت :
_bدار الفكر اللبنانى ،
_c1990
300 _a198 ص ؛
_c24 سم
490 _aسلسلة الفكر اليونانى
_v2
650 0 4 _aالفلسفة
650 0 4 _aالفلسفة اليونانية
650 0 4 _aالافلاطونية
650 0 4 _aالافلاطونية الحديثة
650 0 4 _aافلاطون - تراجم
942 _2ddc
_cBK
999 _c4947
_d4947